| 000 | 01019nam a22002537a 4500 | ||
|---|---|---|---|
| 005 | 20170124102951.0 | ||
| 010 | _aB-037140 | ||
| 020 | _c85.00 | ||
| 035 | _aB-037140 | ||
| 037 | _bCen Lib/Ret | ||
| 040 |
_aDPL _bHN |
||
| 082 |
_aउ _bगुरद |
||
| 100 |
_aगुरदयाल सिंह _951775 |
||
| 245 |
_aरेत की इक्क मुटठी / _cगुरदयाल सिंह |
||
| 246 |
_aRait ki ikk mutthi / _bby Gurdyal Singh |
||
| 260 |
_aनयी दिल्ली _bभारतीय ज्ञानपीठ _c2000 |
||
| 270 |
_bनयी दिल्ली _a18, इंस्टीटियुशनल एरिया, लोधी रोड _e110003 |
||
| 300 |
_a112पृ. _c21सेमी (सजिल्द) |
||
| 650 |
_aहिन्दी साहित्य _951776 |
||
| 650 |
_aहिन्दी उपन्यास _951777 |
||
| 650 |
_aHindi literature _951778 |
||
| 650 |
_aHindi novel _951779 |
||
| 942 |
_2ddc _cHN _hउ _mगुरद |
||
| 999 |
_c113332 _d113332 |
||